Loading...

India and the first world war /

Bibliographic Details
Main Author: Vedica Kant
Format: Printed Book
Language:English
Published: Lustre Press,
Subjects:
LEADER 00591nam a22001817a 4500
008 160512b xxu||||| |||| 00| 0 eng d
020 |a 9788174369796 
082 |a 940.40954 VED 
100 |a Vedica Kant 
245 |a India and the first world war / 
246 |a If I die here, who will remember me 
260 |b Lustre Press, 
300 |a 255p. 
650 |a History 
650 |a World war 
942 |2 ddc  |c BK 
999 |c 14955  |d 14955 
952 |0 0  |1 0  |2 ddc  |4 0  |6 940_409540000000000_VED  |7 0  |9 21191  |a MAIN  |b MAIN  |d 2016-05-12  |e Mathrubhumi Books  |g 1995.00  |o 940.40954 VED  |p 21305  |r 2016-05-12  |t 1  |w 2016-05-12  |y BK